Southville International School and Colleges
Your cart is empty.
  • Cart
  • Lists
    Public lists Eva Luna New books Lux_list list_1
    Your lists Log in to create your own lists
  • Log in to your account
  • Your cookies
  • Search history
Southville International School and Colleges
  • Advanced search
  • Recent comments
  • Most popular
  • Libraries

Log in to your account

Log in with GOOGLE


If you do not have an external account, but do have a local account, you can still log in:

  1. Home
  2. MARC view: The public has the right to know /
Normal view MARC view ISBD view

The public has the right to know / (Record no. 292114)

[ view plain ]
MARC details
000 -LEADER
fixed length control field 00726nam a2200253Ia 4500
008 - FIXED-LENGTH DATA ELEMENTS--GENERAL INFORMATION
fixed length control field 160319s9999 xx 000 0 und d
020 ## - INTERNATIONAL STANDARD BOOK NUMBER
International Standard Book Number 9715694403
050 ## - LIBRARY OF CONGRESS CALL NUMBER
Classification number Fil 324.7
050 ## - LIBRARY OF CONGRESS CALL NUMBER
Item number T161p 2002
100 ## - MAIN ENTRY--PERSONAL NAME
Personal name Tan, Bienvenido A.
245 #4 - TITLE STATEMENT
Title The public has the right to know /
245 ## - TITLE STATEMENT
Statement of responsibility, etc Bienvenido A. Tan, Jr. ; edited by Gregorio Brillantes.
260 ## - PUBLICATION, DISTRIBUTION, ETC. (IMPRINT)
Place of publication, distribution, etc Makati City :
260 ## - PUBLICATION, DISTRIBUTION, ETC. (IMPRINT)
Name of publisher, distributor, etc Bookmark Inc.
260 ## - PUBLICATION, DISTRIBUTION, ETC. (IMPRINT)
Date of publication, distribution, etc 2002
300 ## - PHYSICAL DESCRIPTION
Extent 242 pages :
300 ## - PHYSICAL DESCRIPTION
Other physical details photo ;
300 ## - PHYSICAL DESCRIPTION
Dimensions 22 cm.
650 ## - SUBJECT ADDED ENTRY--TOPICAL TERM
Topical term or geographic name as entry element Aquino, Benigno S., Jr., 1932-1983 --
650 ## - SUBJECT ADDED ENTRY--TOPICAL TERM
Topical term or geographic name as entry element Philippines --
650 ## - SUBJECT ADDED ENTRY--TOPICAL TERM
Topical term or geographic name as entry element Politicians -- Philippines -- Assasination
650 ## - SUBJECT ADDED ENTRY--TOPICAL TERM
General subdivision Assassination.
650 ## - SUBJECT ADDED ENTRY--TOPICAL TERM
General subdivision Politics and government.
Holdings
Withdrawn status Lost status Damaged status Home library Current library Shelving location Date acquired Total Checkouts Full call number Barcode Date last seen Price effective from Koha item type
      Stonyhurst Southville International School (Batangas) Stonyhurst Southville International School (Batangas) Filipiniana Section 03/19/2016   Fil 324.7 T161p 2002 US 1194 03/19/2016 03/19/2016 Books

The public has the right to know /

APA

Tan B. A., .The public has the right to know. Makati City: .

Chicago

Tan Bienvenido A, .The public has the right to know. Makati City: .

Harvard

Tan B. A., .The public has the right to know. Makati City: .

MLA

Tan Bienvenido A, .Makati City: . .

  • Place hold
  • Print
  • Cite
  • Add to your cart (remove)
  • Save record
    BIBTEX Dublin Core MARCXML MARC (non-Unicode/MARC-8) MARC (Unicode/UTF-8) MARC (Unicode/UTF-8, Standard) MODS (XML) RIS
  • More searches
    Search for this title in:
    Other Libraries (WorldCat) Other Databases (Google Scholar) Online Stores (Bookfinder.com) Open Library (openlibrary.org)

Exporting to Dublin Core...

SOUTHVILLE LIBRARY

Southville International School and Colleges Library

1281 Tropical Ave. Cor. Luxembourg St., BF Homes International, Las Pinas City

Tel. No. 8256374 / 252358 Loc. 117/146

Powered by Koha